[Event "DVM U14 2020"]
[Site "Willingen GER"]
[Date "2021.06.26"]
[Round "5"]
[White "Dordevic, Tom"]
[Black "Link, Moritz"]
[Result "1-0"]
[Termination "normal"]
[Board "8.2"]
[WhiteElo "1556"]
[BlackElo "1540"]
[WhiteClock "00:14:41"]
[BlackClock "00:02:44"]
[WhiteTeam "Düsseldorfer Schachverein 1854"]
[BlackTeam "SV Schott Jena"]
[PlyCount "87"]
[WhiteFideId "16260503"]
[BlackFideId "34605924"]
[EventCountry "GER"]
[EventRounds "7"]
[EventType "team-swiss"]
[EventDate "2021.06.23"]

1. Nf3 {[%clk 1:30:54]} 1... Nf6 {[%clk 1:30:49]} 2. g3 {[%clk 1:31:20]} 2...
e6 {[%clk 1:30:30]} 3. Bg2 {[%clk 1:31:45]} 3... d5 {[%clk 1:30:44]} 4. O-O {
[%clk 1:32:04]} 4... c5 {[%clk 1:30:35]} 5. c4 {[%clk 1:32:26]} 5... Nc6 {
[%clk 1:29:31]} 6. cxd5 {[%clk 1:31:44]} 6... Nxd5 {[%clk 1:29:24]} 7. Nc3 {
[%clk 1:31:35]} 7... Be7 {[%clk 1:29:00]} 8. d3 {[%clk 1:31:04]} 8... O-O {
[%clk 1:27:24]} 9. Bd2 {[%clk 1:30:57]} 9... a6 {[%clk 1:25:21]} 10. Rc1 {
[%clk 1:30:01]} 10... b5 {[%clk 1:15:54]} 11. a4 {[%clk 1:25:16]} 11... Qb6 {
[%clk 1:16:07]} 12. Qb3 {[%clk 1:19:36]} 12... Nxc3 {[%clk 1:09:30]} 13. Bxc3 {
[%clk 1:19:52]} 13... b4 {[%clk 1:08:05]} 14. Bd2 {[%clk 1:17:16]} 14... Bb7 {
[%clk 1:04:01]} 15. Be3 {[%clk 1:14:48]} 15... Na5 {[%clk 0:52:50]} 16. Qc2 {
[%clk 1:14:32]} 16... Rac8 {[%clk 0:53:04]} 17. d4 {[%clk 1:06:43]} 17... c4 {
[%clk 0:51:43]} 18. d5 {[%clk 1:06:56]} 18... Qc7 {[%clk 0:51:32]} 19. Bf4 {
[%clk 1:03:47]} 19... Qd7 {[%clk 0:44:59]} 20. d6 {[%clk 1:00:27]} 20... Bf6 {
[%clk 0:43:15]} 21. e4 {[%clk 0:59:22]} 21... Nb3 {[%clk 0:38:19]} 22. Rcd1 {
[%clk 0:57:02]} 22... g6 {[%clk 0:37:18]} 23. Bh6 {[%clk 0:47:57]} 23... Rfd8 {
[%clk 0:33:36]} 24. e5 {[%clk 0:45:59]} 24... Bg7 {[%clk 0:33:59]} 25. Bg5 {
[%clk 0:45:57]} 25... Rf8 {[%clk 0:34:02]} 26. Bf6 {[%clk 0:46:04]} 26... Rc5 {
[%clk 0:29:46]} 27. h4 {[%clk 0:44:03]} 27... Rfc8 {[%clk 0:15:32]} 28. Ng5 {
[%clk 0:37:26]} 28... Bxf6 {[%clk 0:12:58]} 29. exf6 {[%clk 0:37:33]} 29... Bd5
{[%clk 0:12:43]} 30. Rfe1 {[%clk 0:29:35]} 30... Qxd6 {[%clk 0:09:47]} 31. h5 {
[%clk 0:23:38]} 31... Qf8 {[%clk 0:05:56]} 32. hxg6 {[%clk 0:19:31]} 32... hxg6
{[%clk 0:05:49]} 33. Bxd5 {[%clk 0:15:11]} 33... Rxd5 {[%clk 0:06:18]} 34. Nxe6
{[%clk 0:15:03]} 34... Qd6 {[%clk 0:05:05]} 35. Rxd5 {[%clk 0:14:14]} 35...
Qxd5 {[%clk 0:05:33]} 36. Nf4 {[%clk 0:14:16]} 36... Nd4 {[%clk 0:03:52]} 37.
Nxd5 {[%clk 0:14:35]} 37... Nxc2 {[%clk 0:04:19]} 38. Ne7+ {[%clk 0:14:57]}
38... Kf8 {[%clk 0:04:20]} 39. Rc1 {[%clk 0:15:11]} 39... Rc5 {[%clk 0:02:02]}
40. Rxc2 {[%clk 0:15:30]} 40... c3 {[%clk 0:02:16]} 41. bxc3 {[%clk 0:14:54]}
41... Rxc3 {[%clk 0:02:37]} 42. Rd2 {[%clk 0:15:08]} 42... Ke8 {[%clk 0:02:38]}
43. Kf1 {[%clk 0:14:24]} 43... Ra3 {[%clk 0:02:44]} 44. Nc6 {[%clk 0:14:41]}
1-0

[Event "DVM U14 2020"]
[Site "Willingen GER"]
[Date "2021.06.26"]
[Round "5"]
[White "Wagner, Alexander"]
[Black "Krishnachandran, Srihari"]
[Result "1/2-1/2"]
[Termination "normal"]
[Board "8.3"]
[WhiteElo "1522"]
[BlackElo "1323"]
[WhiteClock "00:16:22"]
[BlackClock "01:01:17"]
[WhiteTeam "SV Schott Jena"]
[BlackTeam "Düsseldorfer Schachverein 1854"]
[PlyCount "58"]
[BlackFideId "34605932"]
[EventCountry "GER"]
[EventRounds "7"]
[EventType "team-swiss"]
[EventDate "2021.06.23"]

1. e4 {[%clk 1:30:58]} 1... c5 {[%clk 1:30:53]} 2. Nf3 {[%clk 1:31:22]} 2... d6
{[%clk 1:31:15]} 3. d4 {[%clk 1:31:42]} 3... cxd4 {[%clk 1:31:39]} 4. Nxd4 {
[%clk 1:32:05]} 4... Nf6 {[%clk 1:32:03]} 5. Nc3 {[%clk 1:32:28]} 5... a6 {
[%clk 1:32:07]} 6. Bg5 {[%clk 1:32:46]} 6... e6 {[%clk 1:32:28]} 7. f4 { [%clk
1:31:43]} 7... Be7 {[%clk 1:32:46]} 8. Bd3 {[%clk 1:30:37]} 8... Qb6 { [%clk
1:29:47]} 9. Nb3 {[%clk 1:29:10]} 9... h6 {[%clk 1:29:22]} 10. Bxf6 { [%clk
1:23:56]} 10... Bxf6 {[%clk 1:29:41]} 11. Qf3 {[%clk 1:23:57]} 11... Nd7 {[%clk
1:28:09]} 12. h4 {[%clk 1:21:00]} 12... Qc7 {[%clk 1:25:12]} 13. e5 { [%clk
1:01:36]} 13... dxe5 {[%clk 1:24:23]} 14. f5 {[%clk 0:56:10]} 14... exf5 {[%clk
1:16:54]} 15. Bxf5 {[%clk 0:53:30]} 15... Nb6 {[%clk 1:16:58]} 16. Be4 { [%clk
0:52:40]} 16... Rb8 {[%clk 1:14:55]} 17. O-O-O {[%clk 0:52:52]} 17... h5 {[%clk
1:13:10]} 18. Bf5 {[%clk 0:44:09]} 18... Bxf5 {[%clk 1:13:19]} 19. Qxf5 {[%clk
0:44:33]} 19... Rc8 {[%clk 1:12:23]} 20. Rd2 {[%clk 0:43:05]} 20... Nc4 {[%clk
1:05:31]} 21. Nd5 {[%clk 0:34:51]} 21... Qc6 {[%clk 1:05:23]} 22. Nb4 { [%clk
0:24:47]} 22... Qe6 {[%clk 1:05:18]} 23. Qxe6+ {[%clk 0:24:06]} 23... fxe6
{[%clk 1:05:41]} 24. Re2 {[%clk 0:22:59]} 24... Kf7 {[%clk 1:05:11]} 25. Rf1
{[%clk 0:19:49]} 25... Ke7 {[%clk 1:04:37]} 26. g3 {[%clk 0:19:51]} 26... Rhf8
{[%clk 1:04:46]} 27. Rff2 {[%clk 0:18:22]} 27... e4 {[%clk 1:04:47]} 28. c3
{[%clk 0:17:05]} 28... Nd6 {[%clk 1:01:17]} 29. Nd2 {[%clk 0:16:22]} 29... a5
1/2-1/2

[Event "DVM U14 2020"]
[Site "Willingen GER"]
[Date "2021.06.26"]
[Round "5"]
[White "Schmidt, Boris"]
[Black "Junge, Mattheo Gabriel"]
[Result "1-0"]
[Termination "normal"]
[Board "8.4"]
[WhiteElo "1536"]
[BlackElo "1267"]
[WhiteClock "00:18:40"]
[BlackClock "01:19:18"]
[WhiteTeam "Düsseldorfer Schachverein 1854"]
[BlackTeam "SV Schott Jena"]
[PlyCount "83"]
[WhiteFideId "16238036"]
[BlackFideId "34605908"]
[EventCountry "GER"]
[EventRounds "7"]
[EventType "team-swiss"]
[EventDate "2021.06.23"]

1. e4 {[%clk 1:30:50]} 1... e5 {[%clk 1:30:57]} 2. Nf3 {[%clk 1:31:14]} 2...
Nc6 {[%clk 1:31:24]} 3. Bc4 {[%clk 1:31:37]} 3... Bc5 {[%clk 1:31:46]} 4. c3 {
[%clk 1:32:01]} 4... Nf6 {[%clk 1:32:11]} 5. d4 {[%clk 1:32:25]} 5... exd4 {
[%clk 1:32:37]} 6. e5 {[%clk 1:32:48]} 6... d5 {[%clk 1:33:00]} 7. Bb3 { [%clk
1:33:08]} 7... Ne4 {[%clk 1:33:14]} 8. cxd4 {[%clk 1:32:40]} 8... Bb4+ { [%clk
1:33:33]} 9. Bd2 {[%clk 1:32:37]} 9... Nxd2 {[%clk 1:33:52]} 10. Nbxd2 { [%clk
1:32:20]} 10... Bf5 {[%clk 1:34:01]} 11. O-O {[%clk 1:31:58]} 11... O-O { [%clk
1:34:11]} 12. a3 {[%clk 1:31:39]} 12... Ba5 {[%clk 1:34:30]} 13. Bc2 { [%clk
1:31:22]} 13... Bxc2 {[%clk 1:34:08]} 14. Qxc2 {[%clk 1:31:45]} 14... Bb6
{[%clk 1:34:32]} 15. Nb3 {[%clk 1:31:01]} 15... Qd7 {[%clk 1:33:47]} 16. Rfd1 {
[%clk 1:28:47]} 16... Nd8 {[%clk 1:33:55]} 17. Rac1 {[%clk 1:27:06]} 17... c6 {
[%clk 1:34:03]} 18. Ng5 {[%clk 1:25:34]} 18... g6 {[%clk 1:33:13]} 19. Qe2 {
[%clk 1:17:18]} 19... Ne6 {[%clk 1:33:25]} 20. Nh3 {[%clk 1:17:17]} 20... h5 {
[%clk 1:32:44]} 21. f4 {[%clk 1:15:22]} 21... Qe7 {[%clk 1:32:22]} 22. Rc3 {
[%clk 1:09:19]} 22... Qh4 {[%clk 1:30:58]} 23. Rf3 {[%clk 1:08:18]} 23... Kh7 {
[%clk 1:30:33]} 24. Qd2 {[%clk 1:03:45]} 24... f6 {[%clk 1:28:30]} 25. f5 {
[%clk 0:57:24]} 25... gxf5 {[%clk 1:28:35]} 26. Rxf5 {[%clk 0:57:14]} 26... Rg8
{[%clk 1:23:40]} 27. Rxf6 {[%clk 0:46:59]} 27... Rxg2+ {[%clk 1:20:28]} 28.
Qxg2 {[%clk 0:37:30]} 28... Rg8 {[%clk 1:20:50]} 29. Rh6+ {[%clk 0:37:46]}
29... Kxh6 {[%clk 1:21:04]} 30. Qxg8 {[%clk 0:38:00]} 30... Qxh3 { [%clk
1:21:04]} 31. Qg3 {[%clk 0:37:15]} 31... Qxg3+ {[%clk 1:19:10]} 32. hxg3 {[%clk
0:37:05]} 32... Kg5 {[%clk 1:19:30]} 33. Kf2 {[%clk 0:34:46]} 33... Kf5 34. Ke3
{[%clk 0:32:34]} 34... Ng5 {[%clk 1:19:22]} 35. Nd2 {[%clk 0:30:18]} 35... Kg4
{[%clk 1:19:37]} 36. b4 {[%clk 0:17:08]} 36... Kxg3 {[%clk 1:19:08]} 37. Rg1+
{[%clk 0:17:26]} 37... Kh4 {[%clk 1:19:29]} 38. Nf3+ {[%clk 0:17:41]} 38...
Nxf3 {[%clk 1:19:40]} 39. Kxf3 {[%clk 0:18:10]} 39... Bxd4 40. e6 40... c5
{[%clk 1:18:58]} 41. Rh1+ {[%clk 0:18:15]} 41... Kg5 {[%clk 1:19:18]} 42. e7
{[%clk 0:18:40]} 1-0

[Event "DVM U14 2020"]
[Site "Willingen GER"]
[Date "2021.06.26"]
[Round "5"]
[White "Klein, Maxim"]
[Black "Bungarten, Jona"]
[Result "0-1"]
[Termination "normal"]
[Board "9.1"]
[WhiteElo "1436"]
[BlackElo "1843"]
[WhiteTeam "FC Ergolding 1932 e.V."]
[BlackTeam "Schachfreunde Brackel 1930 e. V."]
[PlyCount "56"]
[WhiteFideId "16281632"]
[BlackFideId "16223608"]
[EventCountry "GER"]
[EventRounds "7"]
[EventType "team-swiss"]
[EventDate "2021.06.23"]

1. d4 d5 2. c4 e6 3. Nc3 c5 4. e3 Nf6 5. Bd3 Nc6 6. Nge2 Be7 7. O-O O-O 8. Bd2
cxd4 9. Nxd4 Nxd4 10. exd4 dxc4 11. Bxc4 Qxd4 12. Qe2 Qg4 13. f3 Qh5 14. Nb5
Bd7 15. Nc3 Rac8 16. Rad1 Qc5+ 17. Be3 Qxc4 18. Qf2 Bc5 19. Bxc5 Qxc5 20. Qxc5
Rxc5 21. Ne4 Nxe4 22. fxe4 Bc6 23. Rd4 Rc2 24. Rb4 Rd8 25. e5 Rdd2 26. Rg4 Bxg2
27. Ra4 Bc6 28. Rxa7 h6 0-1

[Event "DVM U14 2020"]
[Site "Willingen GER"]
[Date "2021.06.26"]
[Round "5"]
[White "Tomasjan, Samuel"]
[Black "Helmbrecht, Paul"]
[Result "0-1"]
[Termination "normal"]
[Board "9.2"]
[WhiteElo "1775"]
[BlackElo "1531"]
[WhiteTeam "Schachfreunde Brackel 1930 e. V."]
[BlackTeam "FC Ergolding 1932 e.V."]
[PlyCount "108"]
[WhiteFideId "16235584"]
[BlackFideId "16270932"]
[EventCountry "GER"]
[EventRounds "7"]
[EventType "team-swiss"]
[EventDate "2021.06.23"]

1. e4 e5 2. Nf3 Nf6 3. Nxe5 d6 4. Nf3 Nxe4 5. Qe2 Qe7 6. d3 Nf6 7. Bg5 Qxe2+ 8.
Bxe2 Be7 9. Nc3 c6 10. O-O-O O-O 11. Rhe1 Re8 12. d4 d5 13. Bd3 Be6 14. Ne5 Ne4
15. Bxe7 Nxc3 16. bxc3 Rxe7 17. f4 f6 18. Nf3 Re8 19. c4 Nd7 20. c5 Bg4 21. Rf1
b6 22. cxb6 axb6 23. Kb2 b5 24. h3 Bxf3 25. Rxf3 Nb6 26. Rff1 Nc4+ 27. Bxc4
bxc4 28. Rfe1 Reb8+ 29. Ka1 Ra3 30. Rb1 Rba8 31. Kb2 c3+ 32. Kc1 R3a4 33. Re6
Rxd4 34. Rxc6 Rxf4 35. Rxc3 Rxa2 36. Rb7 Rc4 37. Rxc4 dxc4 38. Rb4 Ra1+ 39. Kb2
Rg1 40. Rxc4 Rxg2 41. Rd4 Kf7 42. Rd3 f5 43. Kb3 f4 44. c4 Rg3 45. Kc2 Rxd3 46.
Kxd3 Ke6 47. Ke4 g5 48. h4 h6 49. h5 Kd6 50. Kf5 f3 51. Kg6 f2 52. Kxh6 f1=Q
53. Kxg5 Qf8 54. Kg6 Qh8 0-1

[Event "DVM U14 2020"]
[Site "Willingen GER"]
[Date "2021.06.26"]
[Round "5"]
[White "Lichtinger, Simon"]
[Black "Römer, Alois"]
[Result "1/2-1/2"]
[Termination "normal"]
[Board "9.3"]
[WhiteElo "1401"]
[BlackElo "1498"]
[WhiteTeam "FC Ergolding 1932 e.V."]
[BlackTeam "Schachfreunde Brackel 1930 e. V."]
[PlyCount "41"]
[WhiteFideId "16230442"]
[BlackFideId "16255607"]
[EventCountry "GER"]
[EventRounds "7"]
[EventType "team-swiss"]
[EventDate "2021.06.23"]

1. Nf3 d5 2. g3 Nf6 3. Bg2 c5 4. d3 e6 5. O-O Nc6 6. Nbd2 Be7 7. e4 O-O 8. a4
Qc7 9. c3 d4 10. Qc2 e5 11. Rd1 Be6 12. h3 Rfd8 13. Ng5 Qd7 14. Nxe6 Qxe6 15.
Nc4 a6 16. Nb6 Nb4 17. cxb4 Qxb6 18. bxc5 Bxc5 19. f4 Rac8 20. Qe2 Bd6 21. fxe5
1/2-1/2

[Event "DVM U14 2020"]
[Site "Willingen GER"]
[Date "2021.06.26"]
[Round "5"]
[White "Zabudkin, David"]
[Black "Huber, Laura"]
[Result "1-0"]
[Termination "normal"]
[Board "9.4"]
[WhiteElo "1059"]
[BlackElo "1249"]
[WhiteTeam "Schachfreunde Brackel 1930 e. V."]
[BlackTeam "FC Ergolding 1932 e.V."]
[PlyCount "47"]
[WhiteFideId "34605975"]
[BlackFideId "16270940"]
[EventCountry "GER"]
[EventRounds "7"]
[EventType "team-swiss"]
[EventDate "2021.06.23"]

1. e4 e5 2. f4 d5 3. exd5 e4 4. Nc3 Nf6 5. d3 Bb4 6. Bd2 exd3 7. Bxd3 Nxd5 8.
Nxd5 Bxd2+ 9. Qxd2 Qxd5 10. O-O-O Qd8 11. Bb5+ Nd7 12. Nf3 c6 13. Rhe1+ Kf8 14.
Qd6+ Kg8 15. Bc4 g6 16. Re7 Kg7 17. Bxf7 Rf8 18. Be6+ Kh6 19. g4 Rh8 20. g5+
Kh5 21. h3 Nb6 22. Bg4+ Bxg4 23. Qxd8 Raxd8 24. Rxd8 1-0

[Event "DVM U14 2020"]
[Site "Willingen GER"]
[Date "2021.06.26"]
[Round "5"]
[White "Neumüller, Tim"]
[Black "Elstner, Florian"]
[Result "0-1"]
[Termination "normal"]
[Board "10.1"]
[WhiteElo "1519"]
[BlackElo "1526"]
[WhiteTeam "SV Weingarten"]
[BlackTeam "Schachklub König Plauen"]
[PlyCount "60"]
[WhiteFideId "16299167"]
[BlackFideId "16247264"]
[EventCountry "GER"]
[EventRounds "7"]
[EventType "team-swiss"]
[EventDate "2021.06.23"]

1. e4 c5 2. Nf3 Nc6 3. d4 cxd4 4. Nxd4 Nf6 5. Nc3 d6 6. Bb5 Bd7 7. O-O e6 8. f4
Be7 9. Be3 Qc7 10. Bf2 a6 11. Bxc6 Bxc6 12. Nxc6 bxc6 13. Bg3 Qb6+ 14. Kh1 Qxb2
15. Qf3 O-O 16. e5 dxe5 17. fxe5 Nd5 18. Nxd5 cxd5 19. Qd3 Rac8 20. Rfc1 Bg5
21. Rcb1 Qxc2 22. Qxc2 Rxc2 23. Rb6 Rfc8 24. h3 a5 25. Be1 a4 26. Bg3 g6 27.
Ra6 R2c4 28. Rd6 Bf4 29. Bxf4 Rxf4 30. Rd1 Re4 0-1

[Event "DVM U14 2020"]
[Site "Willingen GER"]
[Date "2021.06.26"]
[Round "5"]
[White "Melestean, Timur"]
[Black "Kern, Dominik"]
[Result "1-0"]
[Termination "normal"]
[Board "10.2"]
[WhiteElo "1502"]
[BlackElo "1349"]
[WhiteTeam "Schachklub König Plauen"]
[BlackTeam "SV Weingarten"]
[PlyCount "83"]
[WhiteFideId "16280385"]
[BlackFideId "34605894"]
[EventCountry "GER"]
[EventRounds "7"]
[EventType "team-swiss"]
[EventDate "2021.06.23"]

1. c4 e6 2. Nc3 Nf6 3. Nf3 h6 4. g3 Nc6 5. Bg2 Be7 6. d4 d5 7. Bf4 O-O 8. O-O
dxc4 9. e4 Bb4 10. Re1 a6 11. a4 Re8 12. h3 Re7 13. Bf1 Rd7 14. e5 Nd5 15. Bd2
Nb6 16. Be3 Nd5 17. Qc2 Ba5 18. Bxc4 Nde7 19. g4 Ng6 20. Red1 Nh4 21. Nxh4 Qxh4
22. Bf1 h5 23. f3 Bb6 24. Qe4 Ba7 25. Bf2 Qg5 26. Kg2 hxg4 27. hxg4 Rb8 28. Bc4
Qd8 29. d5 exd5 30. Bxd5 Bxf2 31. Kxf2 Qh4+ 32. Kg2 Ne7 33. Bxf7+ Kf8 34. e6
Rd6 35. Rxd6 cxd6 36. Rh1 Qg5 37. Rh8+ Ng8 38. Rxg8+ Ke7 39. Nd5+ Qxd5 40. Qxd5
b5 41. Re8+ Kf6 42. Qf5# 1-0

[Event "DVM U14 2020"]
[Site "Willingen GER"]
[Date "2021.06.26"]
[Round "5"]
[White "Dick, Fabian"]
[Black "Bühring, Marwin"]
[Result "0-1"]
[Termination "normal"]
[Board "10.3"]
[WhiteElo "1220"]
[BlackElo "1356"]
[WhiteTeam "SV Weingarten"]
[BlackTeam "Schachklub König Plauen"]
[PlyCount "52"]
[WhiteFideId "34605886"]
[BlackFideId "16281985"]
[EventCountry "GER"]
[EventRounds "7"]
[EventType "team-swiss"]
[EventDate "2021.06.23"]

1. f4 c5 2. Nf3 Nc6 3. e4 e6 4. Nc3 d5 5. d3 Nge7 6. Qe2 a6 7. Nd1 Qc7 8. Ne3
dxe4 9. dxe4 Qxf4 10. Nd5 Qd6 11. Nb6 Rb8 12. g3 Ng6 13. Nc4 Qc7 14. Qf2 b5 15.
Ncd2 Bb7 16. Nb3 Nce5 17. Nxe5 Qxe5 18. Bg2 Bxe4 19. Kf1 Bd6 20. Be3 Rc8 21.
Rd1 Be7 22. c3 O-O 23. Bxe4 Qxe4 24. Rg1 h6 25. Nxc5 Bxc5 26. Bxc5 Qc4+ 0-1

[Event "DVM U14 2020"]
[Site "Willingen GER"]
[Date "2021.06.26"]
[Round "5"]
[White "Deiters, Clemens"]
[Black "Bork, Miron"]
[Result "1-0"]
[Termination "normal"]
[Board "10.4"]
[WhiteElo "1361"]
[BlackElo "1113"]
[WhiteTeam "Schachklub König Plauen"]
[BlackTeam "SV Weingarten"]
[PlyCount "37"]
[WhiteFideId "16240243"]
[BlackFideId "34605878"]
[EventCountry "GER"]
[EventRounds "7"]
[EventType "team-swiss"]
[EventDate "2021.06.23"]

1. e4 d5 2. exd5 Nf6 3. Nf3 Nxd5 4. d4 b6 5. c3 Bb7 6. Bd3 e6 7. O-O Bd6 8. Re1
O-O 9. a3 h6 10. c4 Nf4 11. Bxf4 Bxf4 12. Nc3 Bxf3 13. Qxf3 Bxh2+ 14. Kxh2 Qh4+
15. Kg1 Nd7 16. Qe4 Qxe4 17. Bxe4 f6 18. Bxa8 Rxa8 19. Rxe6 1-0